000
00331nam a2200121Ia 4500
008
220216s9999 xx 000 0 und d
100
_a
Liyanage K K
245
0
_a
Hevea germplasm and its potential
260
_b
Bulletin of the Rubber Research Institute of Sri Lanka
_c
2007
300
_a
16-26
650
_a
Germplasm
942
_c
JS
999
_c
60326
_d
60326